Physics (Record no. 5391)

MARC details
000 -LEADER
fixed length control field 00386nam a2200169Ia 4500
003 - CONTROL NUMBER IDENTIFIER
control field SGT
020 ## - INTERNATIONAL STANDARD BOOK NUMBER
International Standard Book Number 0852263554
082 ## - DEWEY DECIMAL CLASSIFICATION NUMBER
Classification number 530
Item number HAL
100 ## - MAIN ENTRY--PERSONAL NAME
Personal name Halliday,David
245 ## - TITLE STATEMENT
Title Physics
260 ## - PUBLICATION, DISTRIBUTION, ETC. (IMPRINT)
Name of publisher, distributor, etc Wilet eastern limited
Place of publication, distribution, etc New Delhi
Year of Publication 1996
300 ## - PAGE DESCRIPTION
No. of Pages 1214p.
650 ## - SUBJECT ADDED ENTRY--TOPICAL TERM
Topical term or geographic name as entry element PHYSICS
653 ## - KEYWORDS--INDEX TERM
Keyword term SPEED OF LIGHT,ELECTRONIC REST MASS
700 ## - ADDED ENTRY--PERSONAL NAME
Personal name Resnick,Robert
942 ## - ADDED ENTRY ELEMENTS (KOHA)
Source of classification or shelving scheme Dewey Decimal Classification
Koha item type Books
Holdings
Withdrawn status Lost status Source of classification or shelving scheme Damaged status Use restrictions Not for loan Collection code Home library Current library Shelving location Date acquired SGTU Full call number Accession No. (Barcode) Date last seen Bill Date Koha item type
    Dewey Decimal Classification   Restricted Access Not For Loan ENGINEERING SGT Engineering Library SGT Engineering Library Reference Book 16/10/2011 SGTU 530 HAL FE4285 09/02/2015 09/02/2015 Gifted Books